MARC

LEADER 00000nam0a2200000 4500
001 138045
005 20231031141256.0
035 |a (RuTPU)RU\TPU\book\149583 
090 |a 138045 
100 |a 20080519d1975 m y0rusy50 ca 
101 0 |a rus 
102 |a RU 
105 |a a z 001zy 
200 1 |a Введение в теорию расписаний  |f В. С. Танаев, В. В. Шкурба 
210 |a Москва  |c Наука  |d 1975 
215 |a 256 с.  |c ил. 
225 1 |a Экономико-математическая библиотека 
320 |a Библиогр.: с. 233-256. 
610 1 |a расписания 
610 1 |a приборы 
610 1 |a обслуживание 
675 |a 519.47  |v 3 
700 1 |a Танаев  |b В. С.  |g Вячеслав Сергеевич 
701 1 |a Шкурба  |b В. В.  |g Виктор Васильевич 
801 1 |a RU  |b 63413507  |c 20080519  |g PSBO 
801 2 |a RU  |b 63413507  |c 20201204  |g PSBO 
942 |c BK